• 首页
  • 本馆介绍
  • 公告通知
  • 最新文献
  • 馆藏检索
  • 电子资源
  • 读者导购
  • 参考咨询
  • 我的图书馆
  • 登录
  • 详细信息显示
  • 放入我的书架
  • 预约/预借图书
  • 作者相关作品
  • 分类相关作品
  • 丛书相关作品
  • 出版社相关作品

书目信息

  • 表格格式
  • 工作单格式
  • 卡片格式
题名:
大国医;中国人应该这样用药
    
 
作者: 裴学义 著 , 裴胜 著
分册:  
出版信息: 长春   吉林科学技术出版社  2015
页数: 235页
开本: 24cm
丛书名:
单 册:
中图分类: R285.6
科图分类:
主题词: 中药学 临床药学
电子资源:
ISBN: 9787557802189
000 00613nam0 2200205 450
001 2788
001 01CN12546622@CSLN
005 20161206090402.71
010    @a9787557802189@dCNY35.00
101    @achi
200    @a大国医;中国人应该这样用药@f裴学义 著,裴胜 著
210    @a长春@c吉林科学技术出版社@d2015
215    @a235页@c彩照@d24cm
330    @a本书中裴老先生从我国国人的身体特质出发,用心良苦地解释了中国人应该如何用药,何时用药。
606    @a中药学 临床药学
690    @aR285.6@v4
701    @a裴学义 著
701    @a裴胜 著
801  0 @aCN@b大连网信软件有限公司图书馆·11@c20161206
905    @aZUCC@dR285.6@e367
    
    大国医;中国人应该这样用药/裴学义 著,裴胜 著.-长春:吉林科学技术出版社,2015
    235页:彩照;24cm
    
    
    ISBN 9787557802189:CNY35.00
    本书中裴老先生从我国国人的身体特质出发,用心良苦地解释了中国人应该如何用药,何时用药。
●
相关链接 在E读中查询图书 在五车中查询图书 在当当中查询图书 在豆瓣中查询图书


正题名:大国医;中国人应该这样用药     索取号:R285.6/367         预约/预借

序号 登录号 条形码 馆藏地/架位号 状态 备注
1 911199   209111995   第二样本阅览室/ [索取号:R285.6/367] 在馆    
2 911200   209112002   第三借阅区/ [索取号:R285.6/367] 在馆    
3 911201   209112011   第三借阅区/ [索取号:R285.6/367] 在馆    
4 911202   209112020   第三借阅区/ [索取号:R285.6/367] 在馆    
5 911203   209112039   第三借阅区/ [索取号:R285.6/367] 在馆    
唐山师范学院图书馆 欢迎您!
大连网信软件有限公司© 版权所有